Dieu, la Nature et l'Homme : L'originalité de l'Occident (notice n° 1567456)

détails MARC
000 -LEADER
fixed length control field 01609cam a2200133 4500500
005 - DATE AND TIME OF LATEST TRANSACTION
control field 20251214002803.0
041 ## - LANGUAGE CODE
Language code of text/sound track or separate title fre
042 ## - AUTHENTICATION CODE
Authentication code dc
100 10 - MAIN ENTRY--PERSONAL NAME
Personal name Blay, Michel
Relator term author
245 00 - TITLE STATEMENT
Title Dieu, la Nature et l'Homme : L'originalité de l'Occident
260 ## - PUBLICATION, DISTRIBUTION, ETC.
Name of publisher, distributor, etc. Armand Colin,<br/>
Date of publication, distribution, etc. 2013.<br/>
520 ## - SUMMARY, ETC.
Summary, etc. Nous sommes confrontés à l’épuisement des ressources, à la pollution, aux défis des biotechnologies et autres nanotechnologies, mais aussi à la solitude, au travail dans l’oubli du sens des métiers et l’automatisation des actes.Ces questions peuvent apparaître indépendantes les unes des autres et relever de domaines différents comme la protection de la nature, le droit du travail, le management, etc. Bien au contraire elles doivent être abordées globalement : la thèse principale de cet ouvrage est de montrer que ces questions trouvent leur cohérence si on les rapporte à l’originalité de l’idée que l’on se fait de la nature dans le monde occidentalUne idée qui a rendu possible la science et la technique, mais au prix de l’abandon du monde de l’exister, de la présence des êtres et des choses, bien que ce monde fut inclus dans l’idée originelle occidentale de la nature.Un des objectifs de ce livre consiste à se réapproprier, sans nier la science, ce monde de l’exister, de notre exister et cela dans un geste de résistance pour ne pas mourir étouffé sous l’emprise à la fois technicienne et néolibérale du monde en gestation.
856 41 - ELECTRONIC LOCATION AND ACCESS
Uniform Resource Identifier <a href="https://shs.cairn.info/dieu-la-nature-et-l-homme--9782200277727?lang=fr&redirect-ssocas=7080">https://shs.cairn.info/dieu-la-nature-et-l-homme--9782200277727?lang=fr&redirect-ssocas=7080</a>

Pas d'exemplaire disponible.

PLUDOC

PLUDOC est la plateforme unique et centralisée de gestion des bibliothèques physiques et numériques de Guinée administré par le CEDUST. Elle est la plus grande base de données de ressources documentaires pour les Étudiants, Enseignants chercheurs et Chercheurs de Guinée.

Adresse

627 919 101/664 919 101

25 boulevard du commerce
Kaloum, Conakry, Guinée

Réseaux sociaux

Powered by Netsen Group @ 2025